000 01076cam a2200277 a 4500
999 _c329426
_d329426
001 3090716
003 Nust
005 20170505124646.0
008 981023s1999 caua b 001 0 eng
010 _a 98049447
020 _a0534351840 (alk. paper)
040 _aDLC
_cDLC
_dDLC
050 0 0 _aQA297
_b.C426 1999
082 0 0 _a519.40285 CHE
_221
100 1 _aCheney, E. W.
_q(Elliott Ward),
_d1929-
_973
245 1 0 _aNumerical mathematics and computing /
_cWard Cheney, David Kincaid.
250 _a4th ed.
260 _aPacific Grove, CA :
_bBrooks/Cole Pub. Co.,
_cc1999.
300 _axv, 671 p. :
_bill. (some col.) ;
_c24 cm.
500 _a"Gary W. Ostedt book"--T.p. verso.
501 _aH.B
504 _aIncludes bibliographical references (p. 653-660) and index.
650 0 _aNumerical analysis
_xData processing.
_972
700 1 _aKincaid, David
_q(David Ronald)
_974
906 _a7
_bcbc
_corignew
_d1
_eocip
_f19
_gy-gencatlg
942 _2ddc
_cBK
_k519.40285 CHE